|
|
|
|
| LEADER |
00626nam a22001691a 4500 |
| 020 |
|
|
|a 8121502133
|
| 082 |
|
|
|a 294.609
|b HAR/H
|
| 100 |
|
|
|a Hari Ram Gupta
|9 132197
|
| 245 |
|
|
|a History of the Sikhs (v.3) :
|b Sikh domination of the Mughal empire 1764-1803/
|c by Hari Ram Gupta
|
| 260 |
|
|
|a New Delhi:
|b Munshiram Manoharlal,
|c 1992.
|
| 300 |
|
|
|a 407p.
|
| 650 |
|
|
|a Sikhism History
|9 132198
|
| 650 |
|
|
|a Sikhism
|9 132199
|
| 650 |
|
|
|a Religion
|9 132200
|
| 942 |
|
|
|c BK
|
| 999 |
|
|
|c 18464
|d 18464
|
| 952 |
|
|
|0 0
|1 0
|4 0
|6 R_294_609000000000000_HAR_H
|7 0
|9 26117
|a SSUS
|b SSUS
|d 2015-01-08
|g 300.00
|o R 294.609 HAR/H
|p 022089
|r 2015-01-08
|v 0.00
|w 2015-01-08
|y REF
|